Responses for Show #1719 - Thursday, February 6, 1992

Frank Epstein game 2.

Contestants

[<< previous game]

Vance Chan, from California

Nancy Walker, an attorney from Texas

Frank Epstein, a police officer from Los Angeles, California (whose 1-day cash winnings total $18,300)

[next game >>]

Jeopardy! Round responses

DECEMBER 7
AMUSEMENT PARKS
FAMOUS NAMES
BOOKS ON AUDIOTAPE
COOKING
FILE UNDER "Q"
    $100 1
the Constitution

Frank
    $100 25
Paul Bunyan

Vance
    $100 12
(Vance: Who was the Shah?)

Ayatollah Khomeini

NancyVance
    $100 3
Dances with Wolves

Nancy
    $100 5
(Vance: What is feather?)

pull

NancyVance
    $100 7
Qantas Airways

Vance
    $200 2
Captain Bligh

Nancy
    $200 26
Universal Studios

Vance
    $200 13
Chrysler

Vance
    $200 4
Rob Reiner

Vance
    $200 6
(Frank: What is kreplach?)

matzah (balls)

FrankVance
    $200 8
Dan Quayle

Nancy
    $300 23
lethal injection

Frank
    $300 27
Hershey

Vance
    $300 14
George Eastman

Nancy
    $300 15
Tom Clancy

Vance
    $300 17
thermometer

Nancy
    $300 9
a quintet

Nancy
    $400 24
Gilbert & Sullivan

Vance
    $400 28
Knott's Berry Farm

Frank
    $400 16
(Nancy: Who was Catherine the Great?)

Josephine

Nancy
Triple Stumper
    $400 18
Henry James

Nancy
    $400 21
gravy

Nancy
    $400 10
quoits

Vance
    $500 29
[end-of-round signal sounds]

Apollo

Vance
    $1,000 20
Wynton Marsalis

Nancy
    $500 19
James Michener

Nancy
    $500 22
(Alex: We have a minute left.)

lobster

Nancy
    $500 11
quagmire

Vance

Scores at the first commercial break (after clue 13):

Frank Nancy Vance
-$100 $1,000 $1,400

Scores at the end of the Jeopardy! Round:

Frank Nancy Vance
$600 $4,000 $3,200

Double Jeopardy! Round responses

MEDICINE
WORLD FACTS
ART
BRITISH ROYALTY
GEOLOGY
POETRY
    $200 26
the Hippocratic Oath

Frank
    $200 8
China

Frank
    $200 6
Picasso

Vance
    $200 1
Princess Anne

Nancy
    $200 21
glacier

Vance
    $200 13
Robert Burns

Vance
    $400 9
Copenhagen

Frank
    $400 7
the Holy Grail

Frank
    $400 2
Queen Victoria

Nancy
    $400 22
the Earth's core

Nancy
    $400 14
Library of Congress

Nancy
    $600 10
Prince Edward Island

Frank
    $1,500 15
(Nancy: Who is The Pink Girl... The Girl in Pink?)
...
(Alex: Sarah Moulton is the young lady in question.)

Pinkie

Nancy
    $600 3
Edward VI

Frank
    $600 23
(Vance: What are volcanic explosions?)

earthquakes

Vance
Triple Stumper
    $600 16
Ben Jonson

Nancy
    $800 28
[end-of-round signal sounds]

doctor of osteopathy

Vance
    $800 11
Islam

Frank
    $800 19
St. Sebastian

Nancy
    $800 4
(Frank: Who is....[buzzer] Catherine of Aragon?)

Mary Tudor ("Bloody Mary")

Frank
Triple Stumper
    $1,000 24
(Nancy: What is the Transvaal?)
(Alex: We have less than a minute to go.)

veldt

Nancy
    $800 17
the Hesperus

Vance
    $1000 27
hematology

Nancy
    $1000 12
(Vance: What is Belgium?)

the Netherlands

FrankVance
    $1000 20
Velazquez

Triple Stumper
    $1000 5
George III

Nancy
    $1000 25
limestone

Triple Stumper
    $1000 18
Lord Byron

Nancy

Scores at the end of the Double Jeopardy! Round:

Frank Nancy Vance
$4,000 $7,300 $3,800

[wagering suggestions for these scores]

Final Jeopardy! Round responses

U.S. PRESIDENTS
VanceWho is Gerald F A. Johnson
$3,750
FrankWho is Andrew Johnson
$4,000
NancyWho was LBJ?
$701
(1 of) Tyler, Fillmore, Andrew Johnson & Arthur

Final scores:

Frank Nancy Vance
$8,000 $6,599 $7,550
2-day champion: $26,300 3rd place: Pro-Form 3001 STX programmable stepper 2nd place: Trip to Attitash Ski Resort in New Hampshire

Game dynamics:

Coryat scores:

Frank Nancy Vance
$4,000 $9,300 $3,800
11 R,
2 W
22 R
(including 1 DD),
3 W
(including 2 DDs)
17 R,
4 W

Combined Coryat: $17,100

[game clues] [game scores] [suggest correction]

Game tape date: 1991-11-13
The J! Archive is created by fans, for fans. Scraping, republication, monetization, and malicious use prohibited; this site may use cookies and collect identifying information. See terms. The Jeopardy! game show and all elements thereof, including but not limited to copyright and trademark thereto, are the property of Jeopardy Productions, Inc. and are protected under law. This website is not affiliated with, sponsored by, or operated by Jeopardy Productions, Inc. Join the discussion at JBoard.tv.